000 00437nam a22001697a 4500
003 NUST - PNEC
005 20170116180903.0
008 150902b xxu||||| |||| 00| 0 eng d
020 _a8181283864
040 _cLIBRARY
082 _a620.106 OER
100 _96479
_aOertel, Herbert
245 _aPrandtl's essentials of fluid mechanics
_cHerbert,Oertel
250 _a2th ed
650 _96480
_aFluid mechanics
_xME
942 _2ddc
_cBK
999 _c65015
_d65015